000 01153cam a2200265 4500
001 J122491
008 021217n2002 000 0 eng u
020 _a1851126031
035 _a(Sirsi) u122491
041 _aeng
050 _a333.332
_c18
110 _aOffice of the Deputy Prime Minister
_94685
245 _aEvaluation of the Bristol seller's pack
_bfinal report
260 _aLondon
_bODPM
_c2002
300 _a94p. ; 30cm.
520 _aThe final report of the Bristol pilot scheme to test the practice operation of the sellers' packs. The assessment forms a part of the OPDM home buying and selling policy website which outlines the development of the Housing Bill and Home Information Packs. View at www.housing.odpm.gov.uk.
650 _aHOME INFORMATION PACKS
650 _aBRISTOL
650 _aHOME CONDITION REPORTS
650 _aRICS HOMEBUYER SURVEY AND VALUATION
650 _aOMBUDSMAN FOR ESTATE AGENTS
690 _aPROPERTY-RESIDENTIAL PROPERTY-RESIDENTIAL PROPERTY MARKET
856 _uhttps://www.communities.gov.uk/documents/housing/pdf/138163.pdf
_vView the report on communities.gov.uk website.
942 _n0
999 _c102865
_d102865